LEADER 01193nam a2200229 i 4500 001 000000195460 003 CaOOAMICUS 005 20101215000000.0 008 101215s1969 it u000 u ita u 013 $a174137 040 $aSeMil$bita 245 10$aCommemorazione del Card. Eugenio Tosi nel 40° anniversario della Sua morte, 1929-1969 :$bcon la partecipazione di Sua Em.za il Card. Angelo dell'Acqua vicario di Roma. 260 $aBusto Arsizio :$b[s.n.],$c1969$e(Busto Arsizio :$fIndustrie Grafiche Pianezza,$g1969) 300 $a28 p. :$bill. ;$c31 cm. 500 $aTitolo dalla copertina. - Fondo Card. Giovanni Colombo. 600 14$aTosi, Eugenio .$0(OLS)http://semarc/subject/8791 850 $aSeMil 852 $aSeMil$W1$xVenegono$y1$m5B XII 5/1$j146029$B146029$CSeMilBibl$Z2$F157528 $81 941 1 $a3 961 $aLascito: Colombo Card. Giovanni 996 $6245$aCommemorazione del Card. Eugenio Tosi nel 40° anniversario della Sua morte, 1929-1969 :$bcon la partecipazione di Sua Em.za il Card. Angelo dell'Acqua vicario di Roma$9(OLS)http://semarc/title/282026 996 $6260$aBusto Arsizio :$b[s.n.]$9(OLS)http://semarc/publisher/30909 LEADER 01100nam a2200265 i 4500 001 000000105385 003 CaOOAMICUS 005 20090714000000.0 008 090714s1980 gw u000 u ger u 013 $a77579 020 $a3-451-18504-0 040 $aSeMil$bita 100 1 $aMalinski, Mieczyslaw.$0(OLS)http://semarc/name/33454 245 10$aJohannes Paul 2. :$bsein Leben, von einem Freund erzählt /$cM. Malinski. 260 $aFreiburg ; Basel ; Wien :$bHerder,$ccopyr. 1980. 300 $a383 p. ;$c21 cm. 500 $aFondo Card. C.M. Martini. 650 4$aGiovanni Paolo II - Biografie.$0(OLS)http://semarc/subject/10052 850 $aSeMil 852 $aSeMil$W1$xVenegono$y1$m2A II 410$j61631$B61631$CSeMilBibl$Z2$F71061 $81 941 1 $a4 961 $aOmaggio: Martini Card. Carlo Maria 996 $6020$a3-451-18504-0$9(OLS)http://semarc/number/85470 996 $6245$aJohannes Paul 2. :$bsein Leben, von einem Freund erzählt$9(OLS)http://semarc/title/152620 996 $6260$aFreiburg ; Basel ; Wien :$bHerder$9(OLS)http://semarc/publisher/29643